Přínosy krize pro neziskovou organizaci a její řešení

Pohľad na krízu v konkrétnej neziskovej organizácii a neštandardný postup krízového riešenia v tejto organizácii. Riadiaci systém SQUID kontrol a jeho aplikácia. Ciele a metódy riešenia.

Enregistré dans:
Détails bibliographiques
Auteur principal: Konečný, Milan
Format: Chapitre de livre
Langue:tchèque
Sujets:
Tags: Ajouter un tag
Pas de tags, Soyez le premier à ajouter un tag!

MARC

LEADER 00000nla a2200000 4500
001 0151549
005 20221207081821.2
041 0 |a cze 
044 |a CZ 
245 1 0 |a Přínosy krize pro neziskovou organizaci a její řešení  |c Milan Konečný 
520 |a Pohľad na krízu v konkrétnej neziskovej organizácii a neštandardný postup krízového riešenia v tejto organizácii. Riadiaci systém SQUID kontrol a jeho aplikácia. Ciele a metódy riešenia. 
610 2 0 |a Česko 
610 2 0 |a organizácie neziskové 
610 2 0 |a organizácie nevládne 
610 2 0 |a nadácie 
610 2 0 |a stratégia marketingová 
610 2 0 |a projekty 
610 2 0 |a metódy riadenia 
100 1 |a Konečný, Milan